000 00765nam a2200217 i 4500
001 59227
003 ES-MaACL
005 20251014063123.0
007 t|
008 031028s1912 fr ||||1| fre d
100 1 _aEmerson, Ralph Waldo,
_d1803-1882
_947147
245 1 0 _aEssais choisis /
_cEmerson ; traduits de l'anglais par Henriette Mirabaud-Thorens ; préface de M. Henri Lichtenberger.
260 _aParis :
_bFélix Alcan,
_c1912.
300 _aXVI, 156 p. ;
_c19 cm.
490 1 _aBibliothèque de philosophie scientifique
700 1 _aMirabaud Thorens, Henriette.
_981462
700 0 _aLichtenberger, Henri.
_972188
830 0 _aBibliothèque de philosophie scientifique
_9181135
852 _aES-MaACL
_jF-11854
999 _c59227
_d59227